000 00403nam a2200145Ia 4500
005 20240821152230.0
008 240821s9999||||xx |||||||||||||| ||und||
082 _a371.95 AND
100 _aAnderson, Kenneth E.
245 0 _aResearch : On the academically talented student
260 _aWashington
_bNational Education Association
_c1961
300 _a92p
650 _aSpecial Education
942 _cBK
999 _c66882
_d66882